000 00243nam a22000857a 4500
008 160628b xxu||||| |||| 00| 0 eng d
100 _91289
_a Biswas, A., et al
245 _aThe Contemporary World - XII
260 _aNew Delhi
_bArya Publication
_c2004
999 _c1057
_d1057